STN EN 1434-2/A1: 2004 (25 8512) [neplatná], Merače tepla Časť 2 Požiadavky na konštrukciu. Zmena A1

Norma je slovenskou verziou EN 1434-2: 1997/A1: 2002

Bibliographic Details
Corporate Author: PRONORM (Piešťany, Slovensko) (Translator)
Other Authors: Chnapko, Rudolf (Translator)
Format: Book
Language:Slovak
English
PhysicalDescription:12 strán obrázky, tabuľky
Published: Bratislava Slovenský ústav technickej normalizácie 2004

MARC

LEADER 00000cam a22000005a 4500
001 vtls009928176
003 SK-MaSNL
005 20260301083042.0
008 090726s2004 xo a f u 00 0 slo
020 |q (brož.) 
035 |a (SVKBBclas03)vtls000204197 
040 |a SNK  |b slo  |c SNK  |e AACR2 
041 1 |a slo  |h eng 
044 |a xo  |c SK 
046 |a m  |m 20040501 (účin.)  |n 20070801 (zruš.) 
084 |a 17.200.10  |2 ICS 
130 0 |a STN 25 8512 (STN EN 1434-2/A1: 2004) [neplatná]  |9 409254 
245 1 0 |a STN EN 1434-2/A1: 2004 (25 8512) [neplatná], Merače tepla  |n Časť 2  |p Požiadavky na konštrukciu. Zmena A1 
246 1 0 |a Merače tepla 
246 1 0 |a Požiadavky na koštrukciu 
260 |a Bratislava  |b Slovenský ústav technickej normalizácie  |c 2004 
300 |a 12 strán  |b obrázky, tabuľky 
500 |a Spracovateľ: PRONORM Piešťany, Rudolf Chnapko 
500 |a [Norma je nahradená normou STN EN 1434-2 z augusta 2007] 
520 8 |a Norma je slovenskou verziou EN 1434-2: 1997/A1: 2002 
540 |a STN vydané na akomkoľvek nosiči sa môžu rozmbožovať a rozširovať iba so súhlasom určenej právnickej osoby  |b SÚTN Bratislava  |c zákon 264/1999 Z. z. 
700 1 |a Chnapko, Rudolf  |4 trl  |9 314690 
710 2 |a PRONORM (Piešťany, Slovensko)  |4 trl  |9 314691 
710 2 |a Slovenský ústav technickej normalizácie  |4 stn  |9 32706 
774 1 8 |t STN EN 1434-2: 2004  |d Bratislava : Slovenský ústav technickej normalizácie  |w vtls009923346 
958 |a OP 
991 |g DL 12000546  |h 21.5.2004 
999 |c 659639  |d 661569 
952 |t P60, <03>, [BOOK], {603}  |a SNK  |b SNK  |y PREZ  |7 0  |p 17A0424958  |o snkSTN EN 1434-2/A1  |i snkN 2053/2004  |z Zmena A1  |0 0  |1 0  |4 0  |d 2004-05-06  |l 0  |r 2005-01-02 00:00:00  |w 2026-02-23 
952 |t P66, <07>, [BOOK], {667}  |a SNK  |b SNK  |y PREZ  |7 0  |p 17A0424957  |o snkSTN EN 1434-2/A1 D1  |i snkN 2054/2004  |z Zmena A1  |0 0  |1 0  |4 0  |d 2004-05-06  |l 0  |r 2005-01-02 00:00:00  |w 2026-02-23